Barcelona neighbourhoods - Statistics

General Stats
  • This quiz has been taken 35 times
  • The average score is 14 of 73
Answer Stats
Number Neighbourhood % Correct
Ciutat Vella 1 El Raval
70%
18 Sants
59%
43 Horta
56%
Les Corts 19 Les Corts
52%
Sants-Montjuïc 11 Poble-sec
52%
10 Sant Antoni
52%
23 Sarrià
52%
2 El Gòtic
41%
37 El Carmel
37%
6 Sagrada Familia
37%
24 Les Tres Torres
33%
21 Pedralbes
33%
7 Dreta de l'Eixample
30%
3 La Barceloneta
30%
61 La Sagrera
30%
35 El Guinardó
26%
15 Hostafrancs
26%
55 Ciutat Meridiana
22%
Horta-Guinardó 33 El Baix Guinardó
22%
65 El Clot
22%
29 El Coll
22%
9 La Nova Esquerra de l'Eixample
22%
8 L'Antiga Esquerra de l'Eixample
22%
31 Vila de Gràcia
22%
68 El Poblenou
19%
Eixample 5 Fort Pienc
19%
42 La Clota
19%
52 La Prosperitat
19%
38 La Teixonera
19%
41 La Vall d'Hebron
19%
63 Navas
19%
54 Torre Baró
19%
59 Bon Pastor
15%
34 Can Baró
15%
49 Canyelles
15%
62 El Congrés i els Indians
15%
46 El Turó de la Peira
15%
48 La Guineueta
15%
53 La Trinitat Nova
15%
Sant Andreu 57 La Trinitat Vella
15%
67 La Vila Olímpica del Poblenou
15%
40 Montbau
15%
45 Porta
15%
26 Sant Gervasi - Galvany
15%
25 Sant Gervasi - la Bonanova
15%
58 Baró de Viver
11%
47 Can Peguera
11%
69 Diagonal Mar i el Front Marítim del Poblenou
11%
Sant Martí 64 El Camp de l'Arpa del Clot
11%
30 La Salut
11%
50 Les Roquetes
11%
39 Sant Genís dels Agudells
11%
4 Sant Pere, Santa Caterina i la Ribera
11%
56 Vallbona
11%
66 El Parc i la Llacuna del Poblenou
7%
16 La Bordeta
7%
14 La Font de la Guatlla
7%
36 La Font d'en Fargues
7%
12 La Marina del Prat Vermell
7%
13 La Marina de Port
7%
20 La Maternitat i Sant Ramon
7%
73 La Verneda i la Pau
7%
71 Provençals del Poblenou
7%
60 Sant Andreu de Palomar
7%
72 Sant Martí de Provençals
7%
17 Sants-Badal
7%
Gràcia 28 Vallcarca i els Penitents
7%
Nou Barris 44 Vilapicina i la Torre Llobeta
7%
32 Camp d'en Grassot i Gràcia Nova
4%
Sarrià-Sant Gervasi 22 Vallvidrera, el Tibidabo i les Planes
4%
51 Verdum
4%
70 El Besòs i el Maresme
0%
27 El Putget i Farró
0%
No matching quizzes found
Score Distribution
Percent of People with Each Score
Percentile by Number Answered
Your Score History
You have not taken this quiz